000 00426nam a2200181Ia 4500
001 10054
005 20260306161803.0
008 260306t1986||||xx |||||||||||||| ||spa||
041 _aESP
082 _a869.63
_bG23
100 _aGarcía Márquez, Gabriel,
_eAUT
245 0 _aCien años de soledad
260 _c1986
300 _a325 páginas :
_c20 cm.
650 _aGEN
654 _aCHU
942 _cLIB
_dJUS
_fJUS
_2ddc
_n
999 _c10054
_d10054